| 000 | 00370nam a2200145Ia 4500 | ||
|---|---|---|---|
| 008 | 240624s9999 xx 000 0 und d | ||
| 041 | _aeng | ||
| 082 | _a657 ATK | ||
| 100 | _aATKINSON ANTHONY A | ||
| 245 | _aMANAGEMENT ACCOUNTING | ||
| 250 | _a(5th ed.) | ||
| 260 |
_c2009 _aNew Delhi _bPearson Education |
||
| 300 | _axxvii, : 676 : p. : cm. ; 25 | ||
| 365 |
_cRS _b30 |
||
| 999 |
_c15392 _d15392 |
||